<?xml version="1.0" encoding="UTF-8"?>
<record
    xmlns:xsi="http://www.w3.org/2001/XMLSchema-instance"
    xsi:schemaLocation="http://www.loc.gov/MARC21/slim http://www.loc.gov/standards/marcxml/schema/MARC21slim.xsd"
    xmlns="http://www.loc.gov/MARC21/slim">

  <leader>00899nam a22002657a 4500</leader>
  <controlfield tag="001">32698</controlfield>
  <controlfield tag="003">AR-RoBPED</controlfield>
  <controlfield tag="005">20260506134639.0</controlfield>
  <controlfield tag="008">260505s1977    sp ad||br|||| 001 0 spa d</controlfield>
  <datafield tag="040" ind1=" " ind2=" ">
    <subfield code="a">AR-RoBPED</subfield>
  </datafield>
  <datafield tag="041" ind1=" " ind2=" ">
    <subfield code="a">spa</subfield>
  </datafield>
  <datafield tag="100" ind1="1" ind2=" ">
    <subfield code="a">Lozano Rey, Luis,</subfield>
    <subfield code="d">1879-1958</subfield>
    <subfield code="9">22793</subfield>
  </datafield>
  <datafield tag="245" ind1="1" ind2=" ">
    <subfield code="a">Ciencias :</subfield>
    <subfield code="b">estudio de la naturaleza.</subfield>
    <subfield code="n">1 /</subfield>
    <subfield code="c">Luis Rey  ; dibujos Joel Kuri , Antonio Carmona.</subfield>
  </datafield>
  <datafield tag="250" ind1=" " ind2=" ">
    <subfield code="a">3 a.</subfield>
  </datafield>
  <datafield tag="260" ind1=" " ind2=" ">
    <subfield code="a">Bilbao :</subfield>
    <subfield code="b">Vasco Americana,</subfield>
    <subfield code="c">1977?</subfield>
  </datafield>
  <datafield tag="300" ind1=" " ind2=" ">
    <subfield code="a">152 p. :</subfield>
    <subfield code="b">il. col.</subfield>
  </datafield>
  <datafield tag="505" ind1=" " ind2=" ">
    <subfield code="a">Nuestro cuerpo -- Los alimentos -- Animales -- Plantas -- Minerales -- Clima.</subfield>
  </datafield>
  <datafield tag="650" ind1=" " ind2="4">
    <subfield code="a">ARCHIVO INFANTIL</subfield>
    <subfield code="9">24464</subfield>
  </datafield>
  <datafield tag="650" ind1=" " ind2="4">
    <subfield code="a">CIENCIAS NATURALES</subfield>
    <subfield code="9">535</subfield>
  </datafield>
  <datafield tag="650" ind1=" " ind2="4">
    <subfield code="a">PRIMER GRADO</subfield>
    <subfield code="9">1456</subfield>
  </datafield>
  <datafield tag="700" ind1=" " ind2=" ">
    <subfield code="a">Kuri, Joel</subfield>
    <subfield code="9">30870</subfield>
    <subfield code="e">il.</subfield>
  </datafield>
  <datafield tag="700" ind1=" " ind2=" ">
    <subfield code="a">Carmona, Antonio</subfield>
    <subfield code="9">30871</subfield>
    <subfield code="e">il.</subfield>
  </datafield>
  <datafield tag="942" ind1=" " ind2=" ">
    <subfield code="2">udc</subfield>
    <subfield code="c">BK</subfield>
    <subfield code="h">502</subfield>
    <subfield code="k">IA</subfield>
    <subfield code="m">LR 91 1</subfield>
    <subfield code="a">K. 32698</subfield>
    <subfield code="p">Inv. 42427</subfield>
  </datafield>
  <datafield tag="945" ind1=" " ind2=" ">
    <subfield code="a">cd 05/05/2026 - lgc 05/05/2026</subfield>
  </datafield>
  <datafield tag="952" ind1=" " ind2=" ">
    <subfield code="0">0</subfield>
    <subfield code="1">0</subfield>
    <subfield code="2">udc</subfield>
    <subfield code="4">0</subfield>
    <subfield code="7">1</subfield>
    <subfield code="a">BPED</subfield>
    <subfield code="b">BPED</subfield>
    <subfield code="d">2026-05-05</subfield>
    <subfield code="e">donaci&#xF3;n</subfield>
    <subfield code="l">0</subfield>
    <subfield code="o">IA 502 LR 91 1</subfield>
    <subfield code="p">42427</subfield>
    <subfield code="r">2026-05-05 09:52:36</subfield>
    <subfield code="w">2026-05-05</subfield>
    <subfield code="x">cd 05/05/2026</subfield>
    <subfield code="y">BK</subfield>
    <subfield code="z">No sale a domicilio</subfield>
  </datafield>
  <datafield tag="999" ind1=" " ind2=" ">
    <subfield code="c">32698</subfield>
    <subfield code="d">32698</subfield>
  </datafield>
</record>
